Widok standardowy
Widok MARC
Pozycja Corporate Name
Liczba rekordów, w których użyto hasła: 1
001 - Numer kontrolny
- control field: 39760
003 - Identyfikator numeru kontrolnego
- control field: NUKAT
005 - Data i czas ostatniej modyfikacji
- control field: 20260409122723.0
008 - Dane kontrolne kodowane (40 znaków)
- fixed length control field: 090505|||azznnbabn |a ana |
010 ## - Numer kontrolny Biblioteki Kongresu
- numer kontrolny LC: p 2009021078
035 ## - Numer systemowy
- numer systemowy: a22923792
040 ## - Instytucja sporządzająca rekord
- inst. przygot. dane do rek. khw: WA N
- język haseł przedmiotowych/tezaurus: DBN
- inst. wprow. rek. khw: WA N
110 2# - Hasło - nazwa ciała zbiorowego
- nazwa ciała zbior. lub geogr. na pocz.: Senat RP (2007-2011)
670 ## - Źródło informacji
- źródło informacji: Wybrane dane o pracy Senatu Rzeczypospolitej Polskiej - VII kadencja / [oprac. Biuro Informacji i Dokumentacji]. - Warszawa, 2009